Les c-algèbres et leurs représentations
Guardat en:
| Autor principal: | |
|---|---|
| Format: | Llibre |
| Idioma: | francès |
| Publicat: |
París
Gauthier-Villars
1964
|
| Col·lecció: | Cahiers Scientifiques, 29
|
| Matèries: | |
| Etiquetes: |
Afegir etiqueta
Sense etiquetes, Sigues el primer a etiquetar aquest registre!
|
MARC
| LEADER | 00000nam a2200000 a 4500 | ||
|---|---|---|---|
| 001 | UCQ8822 | ||
| 003 | CL-VaPUC | ||
| 008 | 981217e19640000FR |||||||||||||||||fre|d | ||
| 082 | 0 | 4 | |a 512.55 |b DIX |2 21 |
| 100 | |a Dixmier, Jacques |e author |9 423117 | ||
| 245 | 1 | 4 | |a Les c-algèbres et leurs représentations |
| 300 | |a 382 p | ||
| 942 | |c BK | ||
| 945 | |d 19981217 00:00:00 |a crobeson | ||
| 260 | |a París |b Gauthier-Villars |c 1964 | ||
| 650 | 0 | |a Álgebras C |9 423070 | |
| 650 | 0 | |a Álgebras de Banach |9 271249 | |
| 650 | 7 | |a REPRENTACIONES DE ALGEBRAS |2 CL-VaPUC |9 423071 | |
| 650 | 0 | |a Representaciones de grupos |9 417402 | |
| 583 | |a last modification |c 19981217 00:00:00 |k Rodrigo Vera | ||
| 490 | 0 | |a Cahiers Scientifiques, 29 | |
| 999 | |c 277996 |d 277994 | ||
| 952 | |0 0 |1 0 |4 0 |6 512_550000000000000_DIX_1964 |7 0 |8 A |9 316311 |a BIBMAT |b BIBMAT |d 2019-11-20 |i 1305026 |o 512.55 DIX 1964 |p 1305026 |r 2025-01-07 |w 2019-11-20 |y BK |k MAT | ||